[Event "Baden-ch Seniors"]
[Site "Emmendingen"]
[Date "2012.06.04"]
[Round "3"]
[White "Becker, Hans Peter"]
[Black "Unseld, Johannes"]
[Result "1-0"]
[WhiteElo "1808"]
[BlackElo "1427"]
[PlyCount "179"]
[EventDate "2012.06.02"]
[EventType "swiss"]
[EventRounds "9"]
[EventCountry "GER"]
[SourceTitle "CBM 148 Extra"]
[Source "ChessBase"]
[SourceDate "2012.06.22"]
[SourceVersion "1"]
[SourceVersionDate "2012.06.22"]
[SourceQuality "1"]

1. d4 d5 2. c4 c6 3. e3 Nf6 4. Nc3 e6 5. Nf3 Be7 6. Qc2 Nbd7 7. Bd2 a6 8. a3 dxc4 9. Bxc4 b5 10. Ba2 Bb7 11. b4 Nb6 12. Ne2 Rc8 13. 0-0 0-0 14. Bb3 Bd6 15. e4 Bc7 16. Bg5 h6 17. Bh4 g5 18. Bg3 Qe7 19. Bxc7 Rxc7 20. e5 Nfd5 21. Nd2 f5 22. exf6 Nxf6 23. Qg6+ Qg7 24. Bxe6+ Kh8 25. Qxg7+ Kxg7 26. Bb3 Nbd5 27. Rac1 Re8 28. Ng3 Bc8 29. Nh5+ Kf8 30. Nxf6 Nxf6 31. Nf3 Ree7 32. Ne5 Kg7 33. Rxc6 Bb7 34. Rcc1 Ne4 35. Rfe1 Rc3 36. Rxc3 Nxc3 37. Kf1 Ne4 38. Rd1 Nc3 39. Rc1 Ne4 40. Rc2 h5 41. f3 Nd6 42. Rc3 Nf5 43. Rd3 Kf6 44. Kf2 Nd6 45. Rc3 Nf5 46. Rd3 Nd6 47. g4 h4 48. Rc3 Nc8 49. Rc5 Nd6 50. Bd5 Bxd5 51. Rxd5 Ke6 52. Rc5 Nb7 53. Rc3 Kd5 54. Ke3 Nd6 55. Rc5+ Ke6 56. Kd3 Nb7 57. Rc6+ Kd5 58. Rg6 Nd8 59. Rxg5 Ne6 60. Rg8 Nf4+ 61. Ke3 Ng2+ 62. Kf2 Nf4 63. Rd8+ Ke6 64. Ra8 Rc7 65. Rxa6+ Kd5 66. Rc6 Rxc6 67. Nxc6 Kxc6 68. Ke3 Nd5+ 69. Ke4 Kd6 70. g5 Ne7 71. f4 Ke6 72. d5+ Nxd5 73. f5+ Kd6 74. Kd4 Ne7 75. Ke4 h3 76. f6 Ng6 77. Kf5 Nh4+ 78. Kg4 Ng6 79. Kxh3 Ke6 80. Kg4 Kf7 81. h4 Ne5+ 82. Kf5 Ng6 83. h5 Nf8 84. g6+ Kg8 85. h6 Nd7 86. Ke6 Nf8+ 87. Kf5 Nd7 88. f7+ Kf8 89. Ke6 Nf6 90. g7# 1-0

[Event "Baden-ch Seniors"]
[Site "Emmendingen"]
[Date "2012.06.02"]
[Round "1"]
[White "Unseld, Johannes"]
[Black "Mertens, Gottfried"]
[Result "1/2-1/2"]
[WhiteElo "1427"]
[BlackElo "1981"]
[PlyCount "246"]
[EventDate "2012.06.02"]
[EventType "swiss"]
[EventRounds "9"]
[EventCountry "GER"]
[SourceTitle "CBM 148 Extra"]
[Source "ChessBase"]
[SourceDate "2012.06.22"]
[SourceVersion "1"]
[SourceVersionDate "2012.06.22"]
[SourceQuality "1"]

1. d4 e6 2. Nf3 f5 3. g3 Nf6 4. Bg2 d6 5. c4 Be7 6. Nc3 0-0 7. 0-0 Qe8 8. Re1 Ne4 9. Qc2 Nxc3 10. bxc3 c6 11. e4 Qf7 12. Bf4 fxe4 13. Qxe4 Na6 14. Qe2 Rd8 15. Rad1 Bf6 16. Bg5 Nc7 17. Bf4 Ne8 18. Qc2 Bd7 19. Ng5 Bxg5 20. Bxg5 Nf6 21. Bxf6 Qxf6 22. c5 dxc5 23. dxc5 Be8 24. Rd6 Rxd6 25. cxd6 Rd8 26. Rd1 Qe5 27. Qd2 Bd7 28. Re1 Qf6 29. c4 b6 30. a4 e5 31. a5 Be8 32. Qc3 Qxd6 33. axb6 axb6 34. Rxe5 Bf7 35. c5 bxc5 36. Rxc5 Qd1+ 37. Bf1 Bd5 38. Qc1 Qf3 39. Rxd5 cxd5 40. Bg2 Qf7 41. Qg5 Qd7 42. Bf1 Qd6 43. h4 Qf6 44. Qd2 d4 45. Bc4+ Kh8 46. Bd3 Qd6 47. Qc2 h6 48. Qe2 g6 49. Qe4 Kg7 50. h5 Qf6 51. hxg6 Rd7 52. Qg4 Re7 53. Kf1 Qd6 54. Qf3 Rc7 55. Kg1 Rc1+ 56. Kh2 Rc7 57. Qf5 Re7 58. Qg4 Qe5 59. Qf3 h5 60. Qg2 Qf6 61. f4 h4 62. Qh3 hxg3+ 63. Kg2 Kf8 64. Qc8+ Re8 65. Qc5+ Kg7 66. Qh5 Rh8 67. Qg4 Qe7 68. Qxg3 Qh4 69. Qxh4 Rxh4 70. Kg3 Rh1 71. Kf3 Re1 72. Kf2 Re3 73. Bc2 Kf6 74. Bb1 Rb3 75. Be4 Re3 76. Bb1 Rh3 77. f5 Ra3 78. Ke2 Ke5 79. g7 Ra8 80. Kd3 Ra3+ 81. Kc4 Rg3 82. f6 Kxf6 83. Kxd4 Rxg7 84. Kd5 Rg5+ 85. Kd6 Re5 86. Ba2 Re2 87. Bc4 Rd2+ 88. Kc5 Ke5 89. Bb3 Rb2 90. Ba4 Rb8 91. Kc4 Rh8 92. Kc5 Rc8+ 93. Kb6 Kd6 94. Bd1 Rb8+ 95. Ka5 Kc5 96. Ka4 Rb1 97. Bc2 Rb2 98. Bd1 Rd2 99. Bb3 Rd4+ 100. Ka3 Rd3 101. Ka4 Rc3 102. Ba2 Rc1 103. Bf7 Rf1 104. Bg8 Rf8 105. Be6 Rf4+ 106. Ka3 Rf6 107. Bg8 Rb6 108. Bf7 Kd4 109. Ka4 Kc3 110. Ka5 Rf6 111. Bg8 Rf8 112. Be6 Rb8 113. Ka6 Kb4 114. Ka7 Rb5 115. Bf7 Kc5 116. Be8 Rb6 117. Ba4 Re6 118. Kb8 Re7 119. Kc8 Ra7 120. Be8 Kd6 121. Bh5 Rh7 122. Bg4 Rf7 123. Bh5 Rf4 1/2-1/2